| 000 | 02192nam a2200445 a 4500 | ||
|---|---|---|---|
| 999 |
_c142680 _d142680 |
||
| 003 | BLK | ||
| 005 | 20250517124607.0 | ||
| 008 | 180409b bul|||||r ||||||| ||bul|| | ||
| 010 | _aKNG00148777000 | ||
| 040 | _aBLK | ||
| 041 |
_aBUL _cBUL |
||
| 080 |
_aБългарска литература _b821.163.2 _x-93-8 _z821.163.2-93-8 |
||
| 100 | 1 |
_aДядо Благо _eпърви автор _gРусев, Стоян Стойков _9276579 |
|
| 139 |
_aРусев, Стоян Стойков _bР 94 |
||
| 245 | 1 | 0 |
_aГрадинката на дядо Благо _bГатанки, стихотворения, приказки, скоропоговорки _cДядо Благо; състав. и ред. Божанка Константинова; състав. и ред. Милка Райчева; худож. Надежда Йончева; предг. от Божанка Константинова; * Стоян Стойков Русев. |
| 257 | _aBGR | ||
| 260 |
_aСофия _bБълг. писател _c1987 |
||
| 300 |
_a132 с. _bс цв. ил. _c19Х20 см |
||
| 380 | _aDX | ||
| 500 | _aИстинското име на авт. е Стоян Стойков Русев. - Офс. изд. - 105 245 тир. ; 34 755 екз. от тир. подв. | ||
| 653 | _aгатанки | ||
| 653 | _aстихотворения за деца | ||
| 653 | _aприказки | ||
| 653 | _aскоропоговорки | ||
| 653 | _aлитература за деца | ||
| 653 | _aдетска литература | ||
| 700 | 1 |
_aКонстантинова, Божанка _eсъстав. и ред. _9367779 |
|
| 700 | 1 |
_aРайчева, Милка _eсъстав. и ред. _9327709 |
|
| 700 | 1 |
_aЙончева, Надежда _eхудож. _9379218 |
|
| 700 | 1 |
_aКонстантинова, Божанка _eпредг. от _9367779 |
|
| 700 | 1 |
_aРусев, Стоян Стойков _e* _9367517 |
|
| 852 | _aЦб 262421 | ||
| 856 | 4 |
_qpdf _i2.29 _ldisable |
|
| 856 | 4 |
_qpdf _i2.29 _ldisable |
|
| 942 |
_cKNG _n0 _032 _s1 |
||
| 944 |
_aCR _c07.08.2013 _lКети Илиева _k30550 |
||
| 944 |
_aED _c22.01.2014 _lф / 07.08.2013 |
||
| 999 | _d142680 | ||
| 999 | _d142680 | ||